Statistics for Biggest City/Town in each English County

Click here to take the quiz!

General Stats

  • This quiz has been taken 32 times
  • The average score is 25 of 48

Answer Stats

CountyPopulationAnswer% Correct
City of Bristol428,234Bristol
100%
Merseyside552,267Liverpool
96%
Greater Manchester510,746Manchester
96%
Tyne and Wear268,064Newcastle upon Tyne
96%
Oxfordshire150,200Oxford
96%
Nottinghamshire305,680Nottingham
93%
East Sussex229,700Brighton and Hove
89%
West Yorkshire474,632Leeds
89%
Norfolk186,682Norwich
89%
West Midlands1,085,810Birmingham
85%
Derbyshire248,752Derby
85%
South Yorkshire518,090Sheffield
81%
Hampshire253,651Southampton
81%
Lincolnshire100,160Lincoln
78%
Gloucestershire175,547Gloucester
74%
Leicestershire443,760Leicester
74%
North Yorkshire153,717York
74%
Suffolk144,957Ipswich
70%
Northamptonshire212,100Northampton
70%
Herefordshire60,415Hereford
67%
Worcestershire100,153Worcester
67%
Cumbria73,270Carlisle
63%
Devon256,384Plymouth
63%
Berkshire232,662Reading
59%
Dorset183,491Bournemouth
56%
Wiltshire182,441Swindon
52%
Lancashire147,663Blackpool
44%
City of London9,401City of London
41%
Hertfordshire131,982Watford
41%
Somerset94,782Bath
37%
Bedfordshire206,850Luton
33%
Cambridgeshire161,707Peterborough
33%
Buckinghamshire229,941Milton Keynes
30%
Isle of Wight18,700Ryde
26%
Essex175,547Southend-on-Sea
26%
Staffordshire249,008Stoke-on-Trent
26%
Yorkshire, East Riding257,100Kingston upon Hull
19%
Kent113,137Maidstone
19%
Rutland10,922Oakham
15%
Shropshire138,241Telford
11%
West Sussex109,120Worthing
11%
Greater London372,752Croydon
7%
Durham92,363Darlington
7%
Cornwall42,690Redruth
7%
Northumberland37,339Blyth
4%
Cheshire165,456Warrington
4%
Surrey105,367Woking
4%
Warwickshire86,552Nuneaton
0%

Score Distribution

Percentile by Number Answered

Percent of People with Each Score

Your Score History

You have not taken this quiz